000 00651nam a22002177a 4500
005 20170124105930.0
010 _aA-794406
020 _c150.00
035 _aA-794406
037 _bCen Lib/Ret
040 _aDPL
_bEN
082 _a330.554
_bMUK
100 _aMukerjee, Radhakamal
_91455
245 _aThe economic history of india :
_b(1600-1800) /
_cby Radhakamal Mukerjee
260 _aAllahabad
_bKitab Mahal
_c00??
270 _a84, kp kakar amrg
_bAllahabad
_e211003
300 _axxii, 183
_c19cm(Hb)
650 _aEconomics
_969616
650 _aHistorical aspects
_zindia
_97962
942 _2ddc
_cEN
_h330.954
_mMUK
999 _c123766
_d123766